| 000 | 01167nam a2200301Ia 4500 | ||
|---|---|---|---|
| 000 | nam a22 i 4500 | ||
| 001 | UNACH-12085 | ||
| 007 | ta | ||
| 008 | 221212s ||||fr|||| 00| | spa d | ||
| 020 | _a978-970-15-0941-8 | ||
| 041 | 0 | _aspa | |
| 082 | 0 | 4 |
_a621.381.5 _bCircuitos electrónicos |
| 100 | 1 |
_aPueyo Héctor O., 0, _eautor |
|
| 245 | 1 | 0 |
_aCIRCUITOS ELÉCTRICOS : _banálisis de modelos circuitales |
| 250 | _a2a ed. | ||
| 264 | 3 | 1 |
_a[México D.F.] : _bAlfaomega, _c2004 |
| 300 |
_a627 páginas : _bilustraciones, tablas, cuadros |
||
| 336 |
_atexto _btxt _2rdacontent |
||
| 337 |
_ano mediado _bn _2rdamedia |
||
| 338 |
_avolumen _bnc _2rdacarrier |
||
| 504 | _aincluye índice | ||
| 505 | 0 | _atransformación de Laplace, funciones, operaciones y circuitos.--análisis de las funciones operacionales de los circuitos a partir de las configuraciones de polos y ceros.--resonacia en circuitos simples.-- resolución de sistemas de circuitos.--teoremas de los circuitos.-- toería de los cuadripolos.--circuitos acoplados inductivamente | |
| 650 | 1 | 4 | _aCIRCUITOS |
| 650 | 2 | 4 | _aCUADRIPOLES |
| 650 | 2 | 4 | _aTEOREMAS |
| 942 |
_2ddc _c1 _n0 |
||
| 999 |
_c9413 _d9413 |
||